| 000 | 01662nmc a2200361 a 4500 | ||
|---|---|---|---|
| 003 | AR-BaBNM | ||
| 005 | 20251128205136.0 | ||
| 008 | 096119s1992 ||||||||||||||000 | spa|| | ||
| 020 | _a84-277-0993-5 | ||
| 040 | _cAR-BaBNM | ||
| 100 | 1 | _aBacas Leal, Pilar | |
| 245 | 1 | 0 |
_aDistintas motivaciones para aprender ciencias _bmateriales diversificados para el estudio de la presión y el calor : sus implicaciones |
| 250 | _a1ª ed. | ||
| 260 |
_aMadrid _bNarcea _bMinisterio de Educación y Ciencia _c1992 |
||
| 300 | 0 |
_ap. irreg. _bil., diagr. |
|
| 490 | 0 | _aMateriales 12-16 para Educación Secundaria. Ciencias de la Naturaleza | |
| 500 | 0 | _aEsta carpeta contiene 4 libros: Distintas motivaciones para aprender ciencias: materiales diversificados para el estudio de la presión y el calor. Sus implicaciones / Introducción | |
| 500 | 0 | _aDistintas motivaciones para aprender ciencias: materiales diversificados para el estudio de la presión y el calor. Sus implicaciones / Guía del profesor | |
| 500 | 0 | _aDistintas motivaciones para aprender ciencias: materiales diversificados para el estudio de la presión y el calor. Sus implicaciones / Materiales de trabajo para los alumnos | |
| 504 | _aContiene bibliografía al final de cada tema | ||
| 650 | 4 | _aENSENANZA DE LA CIENCIA | |
| 650 | 4 | _aCIENCIAS AMBIENTALES | |
| 650 | 4 | _aMEDIO AMBIENTE | |
| 650 | 4 | _aENSENANZA DE LA FISICA | |
| 650 | 4 | _aPRESION ATMOSFERICA | |
| 653 | 0 | _aEDUCACION GENERAL BASICA | |
| 653 | 0 | _aEDUCACION POLIMODAL | |
| 653 | 0 | _aEDUCACION SECUNDARIA | |
| 653 | 0 | _aCALENTAMIENTO GLOBAL | |
| 700 | 1 | _aMartín-Díaz, María Jesús | |
| 942 | _cBK | ||
| 998 | _csilvi | ||
| 999 |
_c10168 _d10168 |
||